[Event "IECG C3.2001.0.00180"]
[Site "IECG email"]
[Date "2001.03.15"]
[Round "?"]
[White "Berruti, Valter"]
[Black "Ulrich, Peter"]
[Result "0-1"]
[WhiteElo "1200"]
[BlackElo "1250"]
[PlyCount "72"]
[EventDate "2001.03.15"]
[EventType "tourn (corr)"]
[EventRounds "6"]
[SourceTitle "Corr 2008"]
[Source "ChessBase"]
[SourceDate "2008.06.24"]
[SourceVersion "1"]
[SourceVersionDate "2008.06.24"]
[SourceQuality "1"]

1. e4 c5 2. Nf3 d6 3. Nc3 a6 4. a4 Nf6 5. Bc4 e6 6. 0-0 Be7 7. d4 cxd4 8. Nxd4 0-0 9. Re1 Qc7 10. Bb3 Nbd7 11. Bxe6 fxe6 12. Nxe6 Qc4 13. Nxf8 Nxf8 14. Nd5 Nxd5 15. exd5 Ng6 16. b3 Qh4 17. Bb2 Bf5 18. c4 Rf8 19. Qd4 Qh6 20. Qb6 Qg5 21. Qe3 Nf4 22. Qg3 Nd3 23. Bxg7 Qxg3 24. hxg3 Re8 25. Bd4 Nxe1 26. Rxe1 Kf7 27. Re3 Bg5 28. Rxe8 Kxe8 29. f4 Bd8 30. b4 Bd3 31. c5 Kd7 32. Kf2 Be4 33. g4 dxc5 34. Bxc5 b6 35. Bd4 Bxd5 36. g5 Bc6 0-1

[Event "IECG C3.2001.0.00180"]
[Site "IECG email"]
[Date "2001.03.15"]
[Round "?"]
[White "Shook, Douglas"]
[Black "Berruti, Valter"]
[Result "0-1"]
[WhiteElo "1308"]
[BlackElo "1200"]
[PlyCount "44"]
[EventDate "2001.03.15"]
[EventType "tourn (corr)"]
[EventRounds "6"]
[SourceTitle "Corr 2008"]
[Source "ChessBase"]
[SourceDate "2008.06.24"]
[SourceVersion "1"]
[SourceVersionDate "2008.06.24"]
[SourceQuality "1"]

1. e4 d6 2. d4 Nf6 3. Nc3 g6 4. Nf3 Bg7 5. h3 0-0 6. Be3 Nc6 7. e5 dxe5 8. dxe5 Qxd1+ 9. Rxd1 Ne8 10. Nd5 e6 11. Bc5 exd5 12. Bxf8 Bxf8 13. Rxd5 Be6 14. Rd2 Bg7 15. b3 Nxe5 16. Nxe5 Bxe5 17. Rd1 Bc3+ 18. Ke2 Nd6 19. g4 Re8 20. Kd3 Bd5 21. Rg1 Ne4 22. Ke2 Nc5# 0-1